Vista normal
Vista MARC
Entrada Topical Term
Número de registros utilizados en: 1
001 - CONTROL NUMBER
- control field: 9680
003 - CONTROL NUMBER IDENTIFIER
- control field: OSt
005 - DATE AND TIME OF LATEST TRANSACTION
- control field: 20200902221018.0
008 - FIXED-LENGTH DATA ELEMENTS
- fixed length control field: 200902|| aca||aabn | a|a d
040 ## - CATALOGING SOURCE
- Original cataloging agency: OSt
- Transcribing agency: OSt
150 ## - HEADING--TOPICAL TERM
- Topical term or geographic name entry element: Ordenamiento territorial
- Chronological subdivision: 1537-1639
- Geographic subdivision: Cajicá
670 ## - SOURCE DATA FOUND
- Source citation: Work cat.: (OSt)3606: Román Tamez, Ángel Luis, autor 9678, Ordenamiento territorial y resistencia indígena en Cajicá : , ©2007